Rubber cultivation in Orissa (Record no. 50772)

MARC details
000 -LEADER
fixed length control field 00294nam a2200121Ia 4500
100 ## - MAIN ENTRY--AUTHOR NAME
Personal name Raghavan K K
245 #0 - TITLE STATEMENT
Title Rubber cultivation in Orissa
260 ## - PUBLICATION, DISTRIBUTION, ETC. (IMPRINT)
Name of publisher Rubber Board Bulletin
Year of publication 2009
300 ## - PHYSICAL DESCRIPTION
Number of Pages 27-30
700 ## - ADDED ENTRY--PERSONAL NAME
Personal name Nazeer M A
942 ## - ADDED ENTRY ELEMENTS (KOHA)
Koha item type Bibliography STAF
Holdings
Withdrawn status Lost status Damaged status Not for loan Home library Current library Shelving location Date acquired Serial Enumeration / chronology Koha item type
      Bibliography RRII Library RRII Library Rubber alert 01/09/2009 Volume 29, Issue 3 Bibliography STAF